[Event "WJCC U20 Open 2019"]
[Site "New Delhi"]
[Date "2019.10.22"]
[Round "8.17"]
[White "Arjun Kalyan"]
[Black "Anuj Shrivatri"]
[Result "1-0"]
[WhiteElo "2483"]
[BlackElo "2390"]
[Annotator "TA"]
[PlyCount "89"]
[EventDate "2019.10.15"]
[EventType "swiss"]
[EventCountry "IND"]
[SourceTitle "playchess.com"]
[Source "ChessBase"]
[SourceQuality "1"]

{[%evp 12,88,6,6,9,4,13,13,6,6,10,6,6,8,8,8,13,-31,-31,-22,0,0,0,0,0,0,0,0,0,-27,-18,-26,-9,-20,-13,-14,-15,-42,-26,-63,-34,-59,-39,-58,-3,-66,-45,-100,-103,-99,-92,-214,-157,-160,-158,-137,-147,-564,-466,-895,28,18,97,119,203,203,193,194,194,197,192,190,197,196,173,179,535,533,29999]} 1. e4 e5 2. Nf3 Nc6 3. Bc4 Nf6 4. d3 Bc5 5. O-O O-O 6. h3 d6 7. c3 a5 {C54: Giuoco Piano: 4 c3 Nf6, main lines with 5 d4 and 5 d3} 8. Re1 h6 9. Nbd2 {[%cal Bb1d2,Bd2f1,Bf1e3][%mdl 32]} Be6 {The position is equal.} 10. Bb5 Qb8 11. Nf1 Qa7 12. Be3 Bxe3 13. Nxe3 Ne7 {[#]} 14. Qc2 $146 ({Predecessor:} 14. a4 Rad8 15. Bc4 Bc8 16. Qc2 {½-½ (75) Vachier Lagrave,M (2775)-Mamedyarov,S (2765) Paris 2019}) 14... c6 15. Bc4 d5 16. exd5 $1 cxd5 17. Bb5 $1 Qc5 18. a4 Qd6 19. d4 e4 $36 {[%mdl 2048] Black has good play.} 20. Nd2 Nh5 21. c4 f5 22. cxd5 Nxd5 23. Ndc4 Nxe3 24. Rxe3 Bxc4 25. Qxc4+ Kh8 26. Rc1 Rad8 27. Rec3 f4 (27... Kh7 $15) 28. Qc7 (28. Qc5 $11 Nf6 29. Rd1) 28... Qg6 29. Qxb7 ({Don't go for} 29. Qxa5 $2 f3 $19) ({Better is} 29. Qe5 $15) 29... f3 $1 $17 {[%csl Gf3][%cal Rg6g2]} 30. g4 {and if Rc8 works, White does fine.} Nf6 $1 {[%mdl 1024] Black has strong compensation.} 31. Qb6 (31. Qc7 $17) 31... Qg5 32. Qe6 Qh4 $1 {[%cal Rh4h3]} 33. Bf1 {[#]} h5 $1 {[%cal Rf6g4]} 34. gxh5 $2 {[%mdl 8192]} (34. Qe5 $17) 34... Rfe8 $19 35. Qf7 {[#]} (35. Qb3 $142 Nd5 36. Re3 (36. Rc5 $2 e3 $19 {[%mdl 64] Discovered Attack})) 35... Rd7 $2 ({Black should try} 35... e3 $1 $19 36. Kh1 Qxf2) 36. Qg6 $11 {And now Rc8 would win.} Rd5 (36... Rdd8 $1 $11 {remains equal.}) 37. Rc5 $16 {Strongly threatening Rxd5.} Qxh5 (37... Red8 $16 {might work better.}) 38. Qxh5+ $18 Rxh5 39. Rxh5+ Nxh5 $16 {[%mdl 4096] Endgame KRB-KRN} 40. Rc5 Nf4 41. Rxa5 Rd8 42. d5 Nxd5 43. Bc4 e3 $2 (43... Nf6 44. Re5 Rd1+ 45. Kh2 Rd2) 44. fxe3 $18 ({Inferior is} 44. Rxd5 Rxd5 45. fxe3 Rd1+ 46. Kf2 Rd2+ 47. Kxf3 Rxb2 $11) 44... Nxe3 45. Rh5# {Accuracy: White = 50%, Black = 66%.} 1-0

[Event "WJCC U20 Open 2019"]
[Site "New Delhi"]
[Date "2019.10.22"]
[Round "8.18"]
[White "Zlatin, Alexander"]
[Black "Rahul Srivatshav P"]
[Result "1/2-1/2"]
[WhiteElo "2263"]
[BlackElo "2460"]
[Annotator "TA"]
[PlyCount "64"]
[EventDate "2019.10.15"]
[EventType "swiss"]
[EventCountry "IND"]
[SourceTitle "playchess.com"]
[Source "ChessBase"]
[SourceQuality "1"]

{[%evp 11,64,43,49,16,21,21,55,31,24,0,22,21,23,14,27,35,37,40,42,22,29,37,40,42,42,23,38,36,57,42,97,66,71,52,64,55,55,65,80,79,91,29,48,0,12,0,0,0,14,0,0,0,0,0,29]} 1. e4 c5 2. Nf3 e6 3. d4 cxd4 4. Nxd4 Nc6 5. Nc3 Qc7 6. Be3 a6 7. Qf3 {B48: Sicilian: Taimanov: 5 Nc3 Qc7 6 Be3 a6 without Be2} Ne5 8. Qg3 h5 9. O-O-O {Black must now prevent Ndb5!White is slightly better.} (9. Bg5 f6 10. Bf4 Ne7 11. O-O-O Kf7 12. Bxe5 Qxe5 13. f4 h4 14. Qe3 Qc7 {1-0 (35) Ding,L (2811)-Shankland,S (2705) chess.com INT 2019}) 9... h4 10. Qh3 $1 Ng6 11. Bd3 b5 12. Rhf1 $146 ({Predecessor:} 12. Kb1 Bb7 13. Rhe1 Bb4 14. e5 Nxe5 {1-0 (37) Hansen,T (2442)-Soumya,S (2349) Karlsruhe 2017}) 12... Nf4 13. Bxf4 Qxf4+ 14. Kb1 Bb7 15. Nce2 $36 {[%mdl 2048] White has some pressure.} Qc7 16. f4 Bc5 17. Nb3 Bb6 18. Qg4 g6 19. Ned4 Ne7 20. Qe2 f6 ({Black should try} 20... Nc6 $14 21. c3 O-O-O) 21. Rc1 Nc6 22. Nxc6 Bxc6 23. c4 bxc4 24. Bxc4 Qb7 25. Rfe1 Kf8 {[#]} 26. Qd3 ({Better is} 26. f5 $1 $16 {[%mdl 512]}) 26... Kg7 $11 27. Nd4 Bxd4 $1 {The position is equal.} 28. Qxd4 a5 29. Rcd1 a4 30. Bd5 exd5 31. exd5 {[#] Re7+ would kill now.} Rhe8 {Hoping for ...Rxe1.} 32. dxc6 dxc6 {Accuracy: White = 61%, Black = 56%.} 1/2-1/2

[Event "WJCC U20 Open 2019"]
[Site "New Delhi"]
[Date "2019.10.22"]
[Round "8.19"]
[White "Sankalp Gupta"]
[Black "Raghunandan, Kaumandur Srihari"]
[Result "0-1"]
[WhiteElo "2369"]
[BlackElo "2449"]
[Annotator "TA"]
[PlyCount "82"]
[EventDate "2019.10.15"]
[EventType "swiss"]
[EventCountry "IND"]
[SourceTitle "playchess.com"]
[Source "ChessBase"]
[SourceQuality "1"]

{[%evp 10,82,20,21,13,4,23,14,14,-17,-6,-17,43,27,119,36,28,36,22,13,18,16,-2,20,68,-4,0,-95,-8,-109,-106,-114,-111,-98,-88,-115,-85,-85,-103,-94,-82,-116,-107,-129,-120,-144,-131,-164,-155,-304,-279,-381,-369,-499,-495,-658,-507,-650,-654,-1060,-1044,-984,-979,-1164,-1095,-2128,-2082,-1971,-1958,-5393,-5197,-29977,-29975,-5747,-5404]} 1. e4 c5 2. Nf3 d6 3. d4 cxd4 4. Nxd4 Nf6 5. Nc3 a6 6. Nb3 e6 {B90: Sicilian Najdorf: Unusual White 6th moves, 6 Be3 Ng4 and 6 Be3 e5} 7. g4 b5 8. Bg2 Bb7 {The position is equal.} 9. g5 b4 10. Nd5 Nfd7 $146 (10... exd5 $11 11. gxf6 dxe4) ({Predecessor:} 10... exd5 11. gxf6 dxe4 12. Be3 gxf6 13. Qh5 Rg8 14. Bh3 {0-1 (44) Van Foreest,J (2615)-Van Wely,L (2667) Amstelveen 2016}) 11. Nxb4 $14 d5 (11... Be7 $11) 12. a3 (12. Nxd5 $1 $16 {Threatens to win with Nc3.} exd5 13. exd5) 12... a5 13. Na2 {[%cal Re4d5]} dxe4 14. Be3 Be7 15. h4 (15. Nc3 {keeps more tension.} O-O 16. Nxe4 Qc7 17. O-O Ne5 18. f4) 15... O-O 16. Nc3 Qc7 17. Nxe4 (17. Nd4 $14) 17... Nc6 18. Nbd2 (18. O-O $11) 18... Rfd8 ({Black should try} 18... Nce5 $17 {White must now prevent ...f5.} 19. f4 Ng6) 19. Qe2 (19. O-O $11) 19... Nde5 $17 20. O-O Nd4 21. Bxd4 Rxd4 22. Nb3 Rdd8 {Hoping for ...Ba6.} 23. Rfd1 Ng6 24. Qg4 Kh8 25. Nc3 {[#]} Bxg2 $1 26. Kxg2 {[#]} f5 $1 {[%cal Rf5g4]} 27. gxf6 gxf6 28. Rxd8+ Rxd8 29. Kf1 (29. Rd1 $17 Nf4+ 30. Kh2) 29... f5 $19 30. Qf3 Nxh4 31. Qh3 {If only White now had time for Rd1....} Qc4+ 32. Ke1 a4 33. Nd2 Qf4 34. Rd1 {[#]} Rxd2 $1 {[%mdl 576] Remove Defender, Decoy} 35. Rxd2 Nf3+ {[%mdl 64] Double Attack} 36. Kf1 Nxd2+ 37. Ke2 Ne4 38. Nxe4 Qxe4+ {[%mdl 64] Double Attack} 39. Kf1 Qxc2 40. Qh5 Qc4+ 41. Ke1 Qc1+ {Accuracy: White = 29%, Black = 64%.} 0-1

[Event "WJCC U20 Open 2019"]
[Site "New Delhi"]
[Date "2019.10.22"]
[Round "8.20"]
[White "Lobanov, Sergei"]
[Black "Aronyak Ghosh"]
[Result "1-0"]
[WhiteElo "2516"]
[BlackElo "2380"]
[Annotator "TA"]
[PlyCount "87"]
[EventDate "2019.10.15"]
[EventType "swiss"]
[EventCountry "IND"]
[SourceTitle "playchess.com"]
[Source "ChessBase"]
[SourceQuality "1"]

{[%evp 23,87,64,49,38,53,37,56,-9,0,-25,-14,-124,-114,-247,-247,-256,-240,-251,79,75,83,83,83,83,83,81,74,0,0,0,50,35,32,33,28,31,31,32,31,31,85,82,141,137,210,208,210,202,238,228,314,302,529,529,1254,1207,29968,29969,29969,29969,29969,29970,29971,29972,29970,29967]} 1. e4 c5 2. Nf3 d6 3. d4 cxd4 4. Nxd4 Nf6 5. Nc3 Bd7 6. f3 e5 7. Nb3 Be7 8. Be3 O-O 9. Qd2 a5 10. a4 Na6 11. O-O-O Nb4 12. g4 Be6 13. Kb1 {B90: Sicilian Najdorf: Unusual White 6th moves, 6 Be3 Ng4 and 6 Be3 e5} (13. g5 Nh5 14. Bb5 Rc8 15. Kb1 f5 16. gxf6 Nxf6 17. Rhg1 d5 18. Bh6 Rf7 19. Qg5 Ng4 20. Qh5 Nxh6 21. Qxh6 {1-0 (41) Yu,Y (2759)-Gao,R (2561) Tianjin 2018}) 13... Rc8 14. g5 Nd7 15. Rg1 (15. f4 $14) 15... Nb6 $1 $11 {[%cal Rb6a4]} 16. f4 $146 ({Predecessor:} 16. Bb5 Nc4 17. Bxc4 Rxc4 18. f4 exf4 19. Bxf4 d5 20. Nxd5 Bxd5 21. exd5 {0-1 (35) Babiy,O (2315)-Bodnaruk,A (2463) Moscow 2017}) 16... exf4 17. Bxf4 {[#]} (17. Bxb6 $1 $11 Qxb6 18. Bb5) 17... Nxa4 $1 $17 {[%mdl 512]} 18. Nxa4 (18. Rg3 $17 Nxc3+ 19. Rxc3) 18... Rxc2 $19 19. Qe3 {Black must now prevent Nd4.} Qe8 20. Nb6 Qc6 $2 (20... Bd8 $1 $19 {[%cal Rd8b6]} 21. Rxd6 (21. Nd5 $2 Bxd5 22. Rd4 Qa4 $19) 21... Bxb3) 21. Nd4 $1 $16 {[%cal Rd4c6]} (21. Nxa5 {gets mated.} Rxb2+ $3 {[%mdl 512]} 22. Kxb2 Qc2+ 23. Ka3 d5 24. Rg2 Nd3+ 25. Bd6 Bxd6+ 26. Qc5 Bxc5#) 21... Ba2+ 22. Ka1 Qxb6 23. Nf5 Bd8 24. Bxd6 {Threatens to win with Nh6+!} Be6 {[#] ...Qc6 is the strong threat.} 25. Bxf8 (25. Nh6+ $1 $16 Kh8 26. Qxb6 Bxb6 27. Bxf8 Bxg1 28. Bxb4 gxh6 29. Bd3) 25... Kxf8 $11 26. Rg2 $40 {[%mdl 128] White is up to no good.} Bc7 {And now ...Qc6 would win.} (26... Rc8 {is more complex.} 27. Qxb6 Bxb6 28. Rg3 Rc2 29. Rc3 Rxh2 30. Bc4 Bxf5 31. exf5 Bd4) 27. Qd4 Qxd4 $1 28. Nxd4 Rxg2 29. Nxe6+ fxe6 30. Bxg2 $14 {[%mdl 4096] Endgame KRB-KBN} Ke7 31. h4 Nc2+ (31... Bg3 $14) 32. Ka2 Ne3 (32... Be5 $142) 33. Rc1 $16 Bg3 (33... Bf4 $16) 34. Rc3 $18 Bf2 35. Bh3 {Hoping for h5.} Kd6 36. Rb3 Ke5 37. h5 ({Don't do} 37. Rxb7 Bxh4 38. Rxg7 Kf4 $18) 37... Kxe4 $2 (37... b6 {might work better.} 38. Rxb6 Bh4) 38. Rxb7 Nf5 39. Bxf5+ Kxf5 40. Rf7+ {White mates.} Kxg5 41. Rxf2 Kxh5 42. Rh2+ Kg4 43. Rxh7 g5 44. Kb3 {Accuracy: White = 64%, Black = 49%.} 1-0

[Event "WJCC U20 Open 2019"]
[Site "New Delhi"]
[Date "2019.10.22"]
[Round "8.21"]
[White "Harsha Bharathakoti"]
[Black "Eugene, Floryan"]
[Result "1-0"]
[WhiteElo "2530"]
[BlackElo "2346"]
[Annotator "TA"]
[PlyCount "87"]
[EventDate "2019.10.15"]
[EventType "swiss"]
[EventCountry "IND"]
[SourceTitle "playchess.com"]
[Source "ChessBase"]
[SourceQuality "1"]

{[%evp 10,89,13,32,18,0,5,0,0,-20,0,0,7,2,11,0,10,-31,13,14,29,19,30,27,26,0,37,25,20,30,26,2,25,15,23,16,21,25,27,52,30,33,100,28,52,43,35,18,41,12,36,23,91,97,93,89,76,84,105,100,99,19,16,29,145,172,279,268,351,322,623,576,622,581,1182,1175,1046,1266,1139,983,29986,29987]} 1. d4 Nf6 2. Nf3 g6 3. Nbd2 Bg7 4. e4 d6 5. c3 O-O 6. Bd3 e5 {B07: Pirc Defence: Miscellaneous Systems} 7. dxe5 (7. O-O Nc6 8. dxe5 dxe5 9. Nc4 Nh5 10. Ne3 Nf4 11. Bc4 Na5 12. Bb5 a6 13. Ba4 b5 14. Bc2 Bb7 15. g3 Qxd1 16. Rxd1 Ne2+ 17. Kf1 Nxc1 18. Raxc1 {½-½ (46) Becerra Rivero,J (2504)-Zherebukh,Y (2631) Greensboro 2019}) 7... dxe5 8. Qc2 Nh5 $146 {The position is equal.} ({Predecessor:} 8... Nbd7 9. O-O Nc5 10. Bc4 Nh5 11. b4 Ne6 12. g3 Kh8 13. Re1 Ng5 14. Nxg5 Qxg5 {1-0 (30) Pirandello,S-Romano,U (1902) Rome 2009}) 9. O-O Nf4 10. Bc4 Qd7 11. Re1 Qg4 {[%csl Gf4][%cal Rg4g2]} 12. g3 Nd7 13. Kh1 (13. h4 {feels hotter.} Nh3+ 14. Kf1 Nb6 15. Be2 Qe6 16. Ng1) 13... Nh3 (13... Nb6 {seems wilder.} 14. Bf1 Nh3 15. Kg2 f5 16. Ng1 f4) 14. Ng1 Nxg1 (14... a5 {keeps more tension.} 15. f3 Qh5 16. Nxh3 Qxh3 17. Bf1 Qe6) 15. Kxg1 Nc5 16. Be2 Qd7 17. Nc4 (17. b4 $5 {[%cal Rb4c5]} Qa4 18. Bd1 Qxc2 19. Bxc2 $11) 17... Qe7 (17... Qc6 {with more complications.} 18. f3 Be6 19. Be3 b6 20. b4 Qa4) 18. b3 Rd8 19. Ba3 Bf8 20. b4 Nd7 21. Rad1 Re8 22. b5 Qf6 23. Bxf8 Nxf8 24. Ne3 Be6 25. c4 $36 {[%mdl 2048] White is more active.} b6 (25... Nd7 $14) 26. c5 (26. Nd5 $16 Bxd5 27. cxd5) 26... Red8 27. Bc4 Rd4 28. Bd5 Rd8 29. Kg2 Qe7 30. Rc1 Nd7 (30... h5 $11) 31. cxb6 $1 $16 Nxb6 32. Bxe6 {[%mdl 64] Overworked Piece} Qxe6 33. Qxc7 R8d7 34. Qb8+ Kg7 {[#]} 35. Rc6 ({White should play} 35. h4 $1 $16) 35... Qe7 $1 $11 {aiming for ...Rb7.} 36. Ng4 f6 {[#]} (36... Nc4 $11 {keeps the balance.} 37. Rc8 (37. Nf6 $2 Rd8 $19) (37. b6 axb6 38. Rc8 Rd8 $15) 37... Rd8) 37. Rec1 $1 $16 (37. Nxf6 $6 Rd8 $11) 37... h5 (37... Rd2 $142) 38. Ne3 $18 (38. Nxf6 Rd8 $11) 38... Rxe4 39. Rc7 {Qxa7 is the strong threat.} Ra4 $2 (39... Rxe3 40. Qxa7 (40. fxe3 Qa3 $16) 40... Red3) 40. Qb7 {Hoping for Nd5!} Rad4 41. Qxa7 Nd5 42. Nxd5 (42. Rxd7 Nxe3+ 43. Kg1 (43. fxe3 Rxd7 44. Qa5 Ra7 $11) 43... Rxd7 $18) 42... R4xd5 43. b6 {[%cal Bb5b6,Bb6b7][%mdl 32]} Kh6 44. Rxd7 {Played: b6-b7} 1-0

[Event "WJCC U20 Open 2019"]
[Site "New Delhi"]
[Date "2019.10.22"]
[Round "8.22"]
[White "Garidmagnai, Byambasuren"]
[Black "Batsuren, Dambasuren"]
[Result "1/2-1/2"]
[WhiteElo "2327"]
[BlackElo "2454"]
[Annotator "TA"]
[PlyCount "134"]
[EventDate "2019.10.15"]
[EventType "swiss"]
[EventCountry "IND"]
[SourceTitle "playchess.com"]
[Source "ChessBase"]
[SourceQuality "1"]

{[%evp 14,134,50,26,23,33,24,12,20,13,23,19,32,17,19,0,4,0,4,-16,-12,-69,-81,-61,-51,-54,-60,-52,-56,-59,-21,-58,-66,-62,-22,-74,-43,-62,-35,-59,-38,-33,-26,-22,-16,-16,15,11,3,3,10,3,3,3,3,3,36,29,33,33,33,28,31,20,20,20,20,29,29,20,36,35,36,26,34,29,49,49,59,29,148,150,187,193,185,181,175,132,143,118,113,135,117,94,197,207,185,183,154,169,314,311,292,227,770,46,43,0,0,0,0,0,0,0,0,0,0,0,0,0,8,8,8]} 1. d4 Nf6 2. c4 e6 3. Nc3 Bb4 4. Qc2 c5 5. dxc5 O-O 6. a3 Bxc5 7. Nf3 b6 8. Bg5 h6 {E39: Nimzo-Indian: Classical: 4...c5 5 dxc5 0-0} (8... Bb7 9. Rd1 Be7 10. e3 Nc6 11. Be2 Rc8 12. O-O Na5 13. Ne5 d6 14. b4 Nc6 15. Nf3 a6 16. Rd2 Qc7 {0-1 (59) Akshat,K (2415)-Tiviakov,S (2605) St Clement Bay 2019}) 9. Bh4 Bb7 10. e3 Be7 11. Be2 d6 12. O-O a6 13. Rfd1 Qc7 14. Rd2 Nbd7 {[%cal Bb8d7,Bd7c5,Bc5e4][%mdl 32]} 15. Rad1 Rfd8 16. Bg3 {[%cal Rg3d6]} Nc5 17. Ne1 $146 (17. Rd4 $11) ({Predecessor:} 17. Qb1 Nce4 18. Nxe4 Nxe4 {0-1 (42) Zhukova,N (2436)-Krush,I (2403) Bled 2002}) 17... Nfe4 $15 18. Nxe4 Nxe4 19. Rd4 f5 20. Rc1 Bf6 21. Rdd1 g5 22. f3 Nxg3 23. hxg3 Rac8 24. Qb3 (24. g4 $11) 24... Re8 25. Rc2 Qc5 26. Kf1 Rcd8 27. Rcd2 Rd7 28. Nc2 h5 29. Qa4 Ree7 30. Qb4 Qxb4 31. axb4 d5 (31... Bxb2 $6 32. Rxd6 Rxd6 33. Rxd6 $16) 32. Nd4 Bxd4 33. Rxd4 Rc7 34. cxd5 exd5 35. Kf2 Kg7 36. Bd3 Kf6 37. Rh1 Rh7 $1 38. Ra1 Rh8 39. Ke2 b5 40. Kd2 Rcc8 41. Rh1 Ke6 42. Bc2 Rc4 43. Kd3 Ke5 44. f4+ gxf4 45. gxf4+ Kd6 46. Bb3 (46. g3 {keeps more tension.} Rc7 47. Kd2 Ke6 48. Bb3 Rd7 49. Ke2) 46... Rxd4+ (46... Rc7 $11) 47. Kxd4 $11 {[%mdl 4096] Endgame KRB-KRB} Bc6 48. Bd1 Be8 49. Bf3 Bf7 50. Be2 {Strongly threatening Ra1.} Rg8 51. Ra1 (51. Bxh5 Rh8 $17) 51... Rxg2 52. Rxa6+ Ke7 53. Bd3 Rxb2 (53... Kf8 $16 {was called for.}) 54. Ke5 $18 Rb3 55. Ra7+ (55. Bxb5 Rxe3+ 56. Kxf5 Be6+ 57. Kg6 Rg3+ 58. Kxh5 d4 $11) 55... Kf8 56. Bxf5 {Black must now prevent Kf6.} ({Worse is} 56. Bxb5 Rxe3+ 57. Kf6 (57. Kxf5 h4 $11) 57... Re6+ 58. Kg5 Rg6+ 59. Kxf5 Rb6 $11) 56... Kg7 {[#]} (56... Rc3 {was worth a try.} 57. Rb7 Kg8) 57. e4 $1 Re3 58. Kd6 Rf3 $2 (58... Kf6) 59. exd5 $2 (59. e5 $18 {White wants to mate with e6.} Rxf4 {[#]} 60. Rxf7+ $1 {[%mdl 576] Promotion} Kxf7 61. e6+ Kf6 62. e7 Kxf5 63. e8=Q {[%mdl 64] Double Attack} Rxb4 64. Qxh5+ Kf6 65. Qxd5) 59... Kf6 $14 60. Kc5 {Threatens to win with d6.} Bxd5 {The position is equal.} 61. Bd7 Bc4 62. Ra6+ Ke7 63. Bxb5 Bxb5 64. Kxb5 Rxf4 65. Rh6 h4 66. Ka5 {Hoping for b5.} Kd7 67. b5 Kc7 {Accuracy: White = 59%, Black = 57%.} 1/2-1/2

[Event "WJCC U20 Open 2019"]
[Site "New Delhi"]
[Date "2019.10.22"]
[Round "8.23"]
[White "Pranav, V."]
[Black "Aditya Mittal"]
[Result "1-0"]
[WhiteElo "2308"]
[BlackElo "2430"]
[Annotator "TA"]
[PlyCount "109"]
[EventDate "2019.10.15"]
[EventType "swiss"]
[EventCountry "IND"]
[SourceTitle "playchess.com"]
[Source "ChessBase"]
[SourceQuality "1"]

{[%evp 23,119,9,9,2,13,7,5,6,11,8,9,13,20,8,14,4,18,2,35,10,22,18,18,27,40,0,22,6,29,0,28,11,28,27,53,49,50,49,47,47,70,60,68,68,68,58,67,63,75,68,83,75,75,64,87,47,83,21,129,118,108,112,224,214,278,241,470,262,812,795,839,889,1075,1054,1052,1040,1030,1025,1546,1431,1480,1489,29983,29984,29984,29985,29985,29986,29986,29987,29987,29988,29988,29989,29992,29993,29993,29994]} 1. e4 c5 2. Nf3 Nc6 3. d4 cxd4 4. Nxd4 Nf6 5. Nc3 e5 6. Ndb5 d6 7. Bg5 a6 8. Na3 b5 9. Nd5 Be7 10. Bxf6 Bxf6 11. c4 b4 12. Nc2 a5 13. g3 {B33: Sicilian: Pelikan and Sveshnikov Variations} Bg5 14. Bg2 O-O 15. O-O {The position is equal.} Be6 (15... Ne7 16. Nce3 Bxe3 17. Nxe3 Be6 18. b3 Ra7 19. Qd3 {½-½ (52) Nepomniachtchi,I (2776)-Yu,Y (2763) Khanty-Mansiysk 2019}) 16. Qd3 Qb8 17. f4 Bd8 18. Kh1 f6 19. b3 $146 ({Predecessor:} 19. Nce3 a4 20. Rac1 Ra5 {½-½ (28) Kermer,W (2337)-Heinke,R (2346) GER email 2015}) 19... Ra7 20. Bf3 Rb7 21. Bh5 Kh8 22. Rad1 Qc8 23. Bf3 Re8 24. Bh5 Rf8 25. f5 Bg8 26. h4 Rd7 27. Bf3 Qb7 28. g4 Bb6 29. Nxb6 Qxb6 30. Rd2 a4 31. g5 ({Don't play} 31. bxa4 Ra8 $11) 31... Qc5 32. Rfd1 Na5 33. Rg2 Ra7 34. Be2 Qb6 35. Qg3 Qc5 36. Rdg1 axb3 37. axb3 Nc6 38. Ne3 $40 {[%mdl 128] White attacks.} Nd4 39. Ng4 fxg5 40. hxg5 Ra2 (40... Qc6 $1 $11 {keeps the balance.}) 41. Bd3 Rxg2 42. Rxg2 g6 {[#]} ({But not} 42... Nxb3 $6 43. g6 $11) (42... Ra8 $16) 43. Nf6 $1 $18 {Strongly threatening fxg6.} Qa7 {[#]} 44. fxg6 $1 Qg7 $2 (44... Ne6 {keeps fighting.} 45. gxh7 Bf7) 45. gxh7 (45. c5 $142) 45... Be6 $2 (45... Bf7 46. c5 dxc5) 46. c5 Bxb3 47. cxd6 Bd1 48. Qxe5 Nc6 49. Qf4 Nd4 50. Qe3 Nf3 51. e5 Nh4 52. Rf2 Nf3 53. Rxf3 {White mates.} Bxf3+ 54. Qxf3 Qxg5 {[#]} 55. Qd5 {Played: Qf3-g4} 1-0

[Event "WJCC U20 Open 2019"]
[Site "New Delhi"]
[Date "2019.10.22"]
[Round "8.24"]
[White "Davtyan, Artur"]
[Black "Nitish Belurkar"]
[Result "1-0"]
[WhiteElo "2418"]
[BlackElo "2311"]
[Annotator "TA"]
[PlyCount "87"]
[EventDate "2019.10.15"]
[EventType "swiss"]
[EventCountry "IND"]
[SourceTitle "playchess.com"]
[Source "ChessBase"]
[SourceQuality "1"]

{[%evp 19,87,9,22,0,16,20,43,0,12,6,31,31,36,31,38,32,38,37,34,26,34,35,33,32,38,43,59,58,61,43,55,43,26,0,144,139,150,157,147,156,151,143,165,39,157,150,209,227,215,202,430,403,612,593,943,939,937,722,920,872,1102,1085,1049,1034,1357,1392,1590,1560,1567,1525]} 1. d4 Nf6 2. c4 e6 3. Nf3 d5 4. Nc3 c5 5. cxd5 Nxd5 6. e4 Nxc3 7. bxc3 cxd4 8. cxd4 Bb4+ 9. Bd2 Bxd2+ 10. Qxd2 O-O 11. Bb5 {D41: Queen's Gambit Declined: Semi-Tarrasch with 5 cxd5} (11. Bc4 Nd7 12. O-O b6 13. Rad1 Bb7 14. Rfe1 Rc8 15. Bb3 Re8 16. h3 Nf6 17. Qf4 Nh5 18. Qh2 h6 19. Nd2 b5 20. Qe5 Qg5 21. Qxg5 hxg5 22. Nf3 {½-½ (52) Mamedyarov,S (2774)-Ding,L (2805) Zagreb 2019}) 11... b6 12. O-O Bb7 13. Qe3 {White is slightly better.} Nd7 {[#]} 14. Rfc1 $146 ({Predecessor:} 14. Rac1 Nf6 15. Bc6 Bxc6 16. Rxc6 Rc8 17. Ne5 Rxc6 18. Nxc6 Qd7 {½-½ (46) Zhou,J (2612)-Ma,Q (2613) China 2016}) 14... Nf6 15. Bc6 Bxc6 16. Rxc6 Rc8 17. Ne5 Rxc6 18. Nxc6 Qd7 19. Rc1 h6 20. f3 Kh7 {Black wants to play ...Rc8.} 21. Ne5 Qa4 22. Qd2 $36 {[%mdl 2048] White is pushing.} Kg8 23. Rc4 Qa3 24. h4 Rd8 25. Rc7 Qd6 {[%mdl 64] Double Attack} 26. Qc3 (26. Rc2 {looks sharper.} Ne8 27. Nc6 Rd7 28. e5 Qa3 29. Rc3) 26... Qxd4+ (26... Nd7 $1 $11) 27. Qxd4 $16 Rxd4 28. Rxa7 $11 {[%mdl 4096] Endgame KRN-KRN} Nh5 29. Ra8+ Kh7 30. Nxf7 Rd2 31. Rh8+ $1 Kg6 {[#]} 32. Rf8 $1 {aiming for g4.} Ng3 (32... Kh7 $16) 33. Kh2 Nf1+ 34. Kh3 {White wants to mate with Ne5+.} Kf6 $2 (34... Rxa2 35. Ne5+ Kh7) 35. Nxh6+ $18 {[%mdl 64] Discovered Attack} Ke7 (35... Kg6 $142 36. Ng4 Rxa2 37. Ne5+ Kh7) 36. Rf7+ {[%mdl 64] Double Attack. White is clearly winning.} Kd6 37. Rxg7 Rxa2 38. Ng4 Nd2 39. h5 Ra1 40. h6 Rh1+ {[#]} 41. Kg3 $1 Nf1+ 42. Kf4 Rh5 43. h7 b5 44. e5+ {Accuracy: White = 70%, Black = 52%.} 1-0

[Event "WJCC U20 Open 2019"]
[Site "New Delhi"]
[Date "2019.10.22"]
[Round "8.25"]
[White "Aaryan Varshney"]
[Black "Hollan, Martin"]
[Result "1-0"]
[WhiteElo "2239"]
[BlackElo "2403"]
[Annotator "TA"]
[PlyCount "63"]
[EventDate "2019.10.15"]
[EventType "swiss"]
[EventCountry "IND"]
[SourceTitle "playchess.com"]
[Source "ChessBase"]
[SourceQuality "1"]

{[%evp 20,63,54,35,72,55,66,52,59,56,51,32,83,88,92,85,86,84,110,116,102,84,90,87,114,129,127,121,136,100,113,122,149,156,158,155,150,148,136,133,245,252,281,274,29989,29990]} 1. d4 Nf6 2. c4 g6 3. Nc3 Bg7 4. e4 O-O 5. Nf3 d6 6. Be2 e5 7. O-O exd4 8. Nxd4 Re8 9. f3 c6 10. Kh1 Nbd7 11. Bf4 Nh5 {E94: King's Indian: Classical: 6 Be2 e5 7 0-0: Various Black 7th moves} (11... Ne5 12. Qd2 a5 13. b3 Nfd7 14. Bg5 f6 15. Bh6 Bxh6 16. Qxh6 Nc5 17. Rad1 Nf7 18. Qd2 Bd7 19. Rfe1 {½-½ (56) Cheparinov,I (2709)-Baklan,V (2609) Reykjavik 2013}) 12. Bxd6 {Strongly threatening f4.} Qf6 13. Nb3 Nf4 {White is slightly better.} 14. c5 a5 15. a4 Nxe2 $146 (15... Ne5 $14) ({Predecessor:} 15... Ne5 16. Qc2 Be6 17. Nd4 Bf8 18. Nxe6 Qxe6 19. Rfd1 {½-½ (54) Biel,I (2170)-Johansen,A (1972) ICCF email 2014}) 16. Qxe2 $16 b6 17. Rfd1 Ba6 18. Qc2 Nxc5 19. Nxc5 bxc5 20. Bxc5 Qh4 21. Bd4 Be5 22. Bxe5 Rxe5 23. g3 Qe7 24. Qf2 Bb7 25. Rd2 Qb4 26. Rad1 c5 27. Rd8+ Re8 28. Rxa8 Bxa8 29. Kg2 f5 (29... Bc6 $16 30. Rd6 Rc8) 30. exf5 $18 gxf5 31. Rd7 f4 $2 {[#]} (31... Bc6 $18) 32. Qc2 {Accuracy: White = 82%, Black = 26%.} 1-0